000 01196nam a22002535i 4500
001 167421
003 ES-MaACL
005 20250721145133.0
008 960320s1880 sp b |||| | spa d
100 1 _aVicuña, Gumersindo,
_d1840-1890
_9114406
245 1 0 _aManual de meteorología popular /
_cpor D. Gumersindo Vicuña.
260 _aMadrid :
_bEst. tip. ed. de G. Estrada,
_c1880.
300 _a232 p., [1] h. pleg. de lám. ;
_c18 cm.
490 1 _aBiblioteca enciclopédica popular ilustrada. Sección 3ª. Conocimientos útiles
505 8 _aContiene: Parte primera: Fenómenos generales . Parte segunda: Equilibrio de la atmósfera . Parte tercera: Meteoros y magnetismo terrestre . Parte cuarta: Pronósticos del tiempo
530 _aDisponible en formato digital.
599 _aLám.: "Lit. Donon"
650 7 _aMeteorología
_2embne
_915017
700 1 _aEstrada, Gregorio.
_9126979
830 1 _aBiblioteca enciclopédica popular ilustrada. Sección 3ª. Conocimientos útiles
_9180990
852 _aES-MaACL
_jF-13593
_z- Enc. hol.
856 _uhttp://bdh-rd.bne.es/viewer.vm?id=0000058919&page=1
_zBiblioteca Digital Hispánica
999 _c167421
_d167421